| 000 | 00691cam a22002531 4500 | ||
|---|---|---|---|
| 001 | 9818505 | ||
| 003 | BD-DhUL | ||
| 005 | 20171226113557.0 | ||
| 008 | 740401s1957 xxk 000 0 eng | ||
| 010 | _a 58022593 | ||
| 035 | _a(OCoLC)845979 | ||
| 040 |
_aDLC _cOTifH _dOCoLC _dDLC |
||
| 041 | 1 |
_aeng _hchi |
|
| 050 | 0 | 0 |
_aPZ3.S54723 _bMi |
| 082 |
_a895.13 _bMAM |
||
| 100 | 1 |
_aMao, Tun, _d1896- |
|
| 245 | 1 | 0 |
_aMidnight / _c Mao Tun |
| 260 |
_aPeking : _bForeign Languages Press, _c1957. |
||
| 300 |
_a524 p. : _billus., port. ; _c22 cm. |
||
| 500 | _aTranslation of: Zi ye. | ||
| 651 | 0 |
_aChina _vFiction. |
|
| 906 |
_a7 _bcbc _coclcrpl _du _encip _f19 _gy-gencatlg |
||
| 942 |
_2ddc _cBK |
||
| 999 |
_c155098 _d155098 |
||